কৃষিতত্ত্ব : (Record no. 8135)

MARC details
000 -LEADER
fixed length control field 00787nam a22002177a 4500
001 - CONTROL NUMBER
control field BD-DhSAU 8135
003 - CONTROL NUMBER IDENTIFIER
control field BD-DhSAU
005 - DATE AND TIME OF LATEST TRANSACTION
control field 20150610123905.0
008 - FIXED-LENGTH DATA ELEMENTS--GENERAL INFORMATION
fixed length control field 150110s1982 b |||| ||| 000 0 eng d
040 ## - CATALOGING SOURCE
Original cataloging agency BD-DhSAU
082 ## - DEWEY DECIMAL CLASSIFICATION NUMBER
Edition number 22
Classification number ৬৩০
Item number আমিবৃ
245 ## - TITLE STATEMENT
Title কৃষিতত্ত্ব :
Remainder of title আগাছা ও বীজ প্রযুক্তিবিদ্যা /
Statement of responsibility, etc. সদরুল আমিন
250 ## - EDITION STATEMENT
Edition statement দ্বিতীয় খন্ড
260 ## - PUBLICATION, DISTRIBUTION, ETC. (IMPRINT)
Place of publication, distribution, etc. ময়মনসিংহ :
Name of publisher, distributor, etc. মোঃ সাইফুল আমিন ,
Date of publication, distribution, etc. c১৯৮২.
300 ## - PHYSICAL DESCRIPTION
Extent ২৮০ পৃ ;
Size of unit ২১ সেমি.
590 ## - Name of Cataloguer
Name of Cataloger Jerin
650 ## - SUBJECT ADDED ENTRY--TOPICAL TERM
Topical term or geographic name as entry element Agriculture
650 ## - SUBJECT ADDED ENTRY--TOPICAL TERM
Topical term or geographic name as entry element Animal Husbandry
700 ## - ADDED ENTRY--PERSONAL NAME
Personal name আমিন, সদরুল
942 ## - ADDED ENTRY ELEMENTS (KOHA)
Source of classification or shelving scheme Dewey Decimal Classification
Koha item type Book
Holdings
Withdrawn status Lost status Source of classification or shelving scheme Damaged status Not for loan Collection code Home library Branch Name Shelving location Date acquired Total Checkouts Full call number Barcode Date last seen Price effective from Koha item type
    Dewey Decimal Classification   Not For Loan Reference SAU Library SAU Library Reference 15/01/1996   ৬৩০ আমিবৃ 26791 10/06/2015 10/06/2015 Book